Os 15 principais países com mortes por Covid19 - 7 de agosto - Statistics

Estatísticas Gerais
  • Esse quiz foi jogado 10 vezes
  • A pontuação média é 14 de 20
Estatísticas das Respostas
país % Correto
Brasil
100%
Espanha
100%
Estados Unidos
100%
Itália
100%
França
90%
Índia
90%
México
90%
Chile
80%
Colômbia
80%
Peru
80%
Rússia
80%
Suécia
80%
Equador
60%
Irão
60%
Reino Unido
60%
Bélgica
50%
África do Sul
40%
Países Baixos
40%
Panamá
20%
Irlanda
10%
Nenhum quiz correspondente encontrado
Distribuição das Pontuações
Porcentagem de Pessoas com Cada Pontuação
Percentil de Números Respondidos
Sua Pontuação Histórica
Você não jogou esse quiz